000 00633nam a2200193 4500
008 s1998 le fre u
040 _aLB-BrCRDP
082 1 _aEB7
_bCHI. g
100 1 _aEl-Khatib, Fouad
245 1 0 _aChimie - 7ème année Education de base. Guide pédagogique
_cFouad El Khatib
260 _aBeirut
_bCentre de Recherche et de Développement Pédagogiques
_c1998
300 _a56 p.
_bcouv. couleur, ill. noir et blanc.
_c27 cm
490 0 _aLe livre scolaire national
500 _aSommaire.
650 4 _aChimie
650 4 _aEB7
942 _cBK
999 _c3119
_d3119